| 000 | 01010nam a2200217Ia 4500 | ||
|---|---|---|---|
| 999 |
_c37878 _d37878 |
||
| 001 | 3856 | ||
| 003 | GE_BSU | ||
| 005 | 20190813164624.0 | ||
| 008 | 181216s1976||||ge |||||||||||||| ||geo|| | ||
| 040 | _cGE_BSU | ||
| 041 | _ageo | ||
| 080 | _a159.923 ბ–56 | ||
| 100 |
_aბერულავა, ნადეჟდა _93558 |
||
| 245 |
_aპიროვნების თვისებები და ენა / _cრედ. ა. ფრანგიშვილი |
||
| 264 |
_aთბილისი _bგანათლება, _c1976. |
||
| 300 |
_a198 გვ. ; _b22 სმ. |
||
| 500 | _aპიროვნების თვისება და თავისებურებათა აღმნიშვნელი სიტყვების კლასიფიკაცია: გვ. 94-198. | ||
| 653 | _aპიროვნების ფსიქოლოგია; | ||
| 700 |
_aფრანგიშვილი, ა. _eრედაქტორი _979 |
||
| 942 |
_cBK _2udc |
||